000 00335nam a2200097Ia 4500
082 _a355.0218096 SOUT
245 0 _aSouth Africa and contemporary counterinsurgency : roots, practices, prospects
100 _a Baker, Deane-Peter Claremont [South Africa], 2010
_934326
942 _cBK
008 210817s9999 xx 000 0 und d
999 _c124522
_d124521